Un/Certain Futures - Rollen des Designs in gesellschaftlichen Transformationsprozessen.

Bibliographic Details
Main Author: Förster, Marius.
Other Authors: Hebert, Saskia., Hofmann, Mona., Jonas, Wolfgang.
Format: eBook
Language:German
Published: Bielefeld : transcript, 2018.
Edition:1st ed.
Series:Design
Subjects:
Online Access:Click to View
LEADER 03624nam a22004333i 4500
001 EBC6956003
003 MiAaPQ
005 20231204023223.0
006 m o d |
007 cr cnu||||||||
008 231204s2018 xx o ||||0 ger d
020 |a 9783839443323  |q (electronic bk.) 
020 |z 9783837643329 
035 |a (MiAaPQ)EBC6956003 
035 |a (Au-PeEL)EBL6956003 
035 |a (OCoLC)1054881836 
040 |a MiAaPQ  |b eng  |e rda  |e pn  |c MiAaPQ  |d MiAaPQ 
100 1 |a Förster, Marius. 
245 1 0 |a Un/Certain Futures - Rollen des Designs in gesellschaftlichen Transformationsprozessen. 
250 |a 1st ed. 
264 1 |a Bielefeld :  |b transcript,  |c 2018. 
264 4 |c {copy}2018. 
300 |a 1 online resource (273 pages) 
336 |a text  |b txt  |2 rdacontent 
337 |a computer  |b c  |2 rdamedia 
338 |a online resource  |b cr  |2 rdacarrier 
490 1 |a Design 
505 0 |a Cover -- Inhalt -- Neoarcheologia -- Between File and Life -- Die Zukunft beginnt jetzt?! - Klima- und Gesellschaftswandel im Spannungsverhältnis von Kontingenz und Pfadabhängigkeit -- Nacktwanderer -- Kitchen Stories - möglicheTransformationen von Alltagsräumen am Beispiel der Ernährung -- Kunst und Utopieproduktion - Working Utopias -- Good Luck with the Future -- Transformationen von Sinn- und Identitätskonstruktionen. - Oder: Gelungenes Misslingen -- Wirklichkeitsperforationen - Wege angewandter künstlerischer Zukunftsforschung -- Collect me -- Die Stadt als städtisch-theatrale Versuchsanordnung: Wie wollen wir in Zukunft leben und welche Stadt brauchen wir dafür? -- Digitale Kulturen zwischen ewigem Update und sta(tis)tischer Zukunft -- PTV-G4-B18 -- The Metamorphosis of the Designer: A Prerequisite to Social Transformation by Design -- Der Unbekanntheitsraum und die Ursprungskugeln -- co.learning for tomorrow -- Transformation aus Sicht der Postwachstumsökonomik -- People, Flags, Bridges: Transformation through Resistance -- Dialektik des Größenwahns: Design als Change Agent. Über das Verhältnis von Design zu Politik und Wirtschaft -- The Long Now -- Parteiisches Design -- Wirtschaftliche Transformationen und die Gemeinwohl-Ökonomie -- The Positive Impact Factory: Transition from Eco-Efficiency to Eco-Effectiveness Strategies in Manufacturing -- Jller (Iller) -- Heimatdesign: Über ungewisse Gewissheiten bei der Gestaltung von Heimat, oder: Wider die Schlapphäbigkeit! -- Hidden Kingdom -- Cruising/Queer/Afrofuturism: Time for Another Kinship -- Das Glück in Daten: Der Workshop Datenmaske -- Slow Mobility - Mobilität neu denken. Zur Transformation des Verkehrs -- Public Receptors &amp -- &lt -- /ghosts&gt -- -- Die Austreibung der Unsicherheit - Business Gaming -- Unplanning the City (Polylemma) -- Epilog -- Werkverzeichnis -- Autor*innen. 
505 8 |a Literatur- &amp -- Bildverzeichnis -- Impressum. 
588 |a Description based on publisher supplied metadata and other sources. 
590 |a Electronic reproduction. Ann Arbor, Michigan : ProQuest Ebook Central, 2023. Available via World Wide Web. Access may be limited to ProQuest Ebook Central affiliated libraries.  
655 4 |a Electronic books. 
700 1 |a Hebert, Saskia. 
700 1 |a Hofmann, Mona. 
700 1 |a Jonas, Wolfgang. 
776 0 8 |i Print version:  |a Förster, Marius  |t Un/Certain Futures - Rollen des Designs in gesellschaftlichen Transformationsprozessen  |d Bielefeld : transcript,c2018  |z 9783837643329 
797 2 |a ProQuest (Firm) 
830 0 |a Design 
856 4 0 |u https://ebookcentral.proquest.com/lib/matrademy/detail.action?docID=6956003  |z Click to View